[Event "Tatra Limba Master 2022"]
[Site "Poronin"]
[Date "2022.01.09"]
[Round "6.10"]
[White "Gepfert, Cyprian"]
[Black "Rekuc, Patryk"]
[Result "0-1"]
[WhiteElo "1743"]
[BlackElo "1662"]
[Annotator "NA RC"]
[PlyCount "76"]
[EventDate "2022.01.07"]
[EventType "swiss"]
[EventCountry "POL"]
[SourceTitle "playchess.com"]
[Source "ChessBase"]
[SourceQuality "1"]
[TimeControl "5400+30"]

1. e4 {[%emt 0:00:16]} c5 {[%emt 0:00:06]} 2. Nf3 {[%emt 0:00:04]} Nc6 {[%emt 0:00:05]} 3. d4 {[%emt 0:00:06]} cxd4 {[%emt 0:00:05]} 4. Nxd4 {[%emt 0:00:03]} e5 {[%emt 0:00:05]} 5. Nb5 {[%emt 0:00:08]} d6 {[%emt 0:00:06]} 6. c4 {[%emt 0:00:10]} Be6 {[%emt 0:00:05]} 7. N1c3 {[%emt 0:00:17]} a6 {[%emt 0:00:07]} 8. Na3 {[%emt 0:00:10]} Nf6 {[%emt 0:00:23]} 9. Nc2 {[%emt 0:00:51]} Rc8 {[%emt 0:00:08]} 10. Be2 {[%emt 0:02:37]} Be7 {[%emt 0:03:44]} 11. O-O {[%emt 0:00:10]} O-O {[%emt 0:00:11]} 12. Ne3 {[%emt 0:08:14]} Na5 {[%emt 0:06:14]} 13. Qa4 {[%emt 0:11:11]} Bd7 {[%emt 0:02:07]} 14. Qc2 {[%emt 0:04:14]} b5 {[%emt 0:04:15]} 15. cxb5 {[%emt 0:03:46]} axb5 {[%emt 0:02:33]} 16. b4 {[%emt 0:00:14]} Nc6 {[%emt 0:00:13]} 17. Rb1 {[%emt 0:07:33]} Nd4 {[%emt 0:00:36]} 18. Qd2 {[%emt 0:08:04]} Rxc3 {[%emt 0:00:06]} 19. Bd3 {[%emt 0:00:27]} Rc8 {[%emt 0:00:21]} 20. Bb2 {[%emt 0:00:16]} Qb6 {[%emt 0:00:20]} 21. Kh1 {[%emt 0:01:21]} Be6 {[%emt 0:06:52]} 22. Nf5 {[%emt 0:02:41]} Nxf5 {[%emt 0:01:21]} 23. exf5 {[%emt 0:00:05]} Bxa2 {[%emt 0:01:06]} 24. Rbe1 {[%emt 0:01:18]} Bc4 {[%emt 0:00:18]} 25. f4 {[%emt 0:00:17]} Rfd8 {[%emt 0:09:20]} 26. Rf3 {[%emt 0:03:08]} e4 {[%emt 0:04:28]} 27. Bxe4 {[%emt 0:01:37]} d5 {[%emt 0:02:07]} 28. Bb1 {[%emt 0:00:55]} Ne4 {[%emt 0:00:50]} 29. Qd1 {[%emt 0:04:35]} Bxb4 {[%emt 0:00:39]} 30. Bd4 {[%emt 0:00:23]} Bc5 {[%emt 0:00:33]} 31. Bxg7 {[%emt 0:00:51]} Kxg7 {[%emt 0:00:42]} 32. Bxe4 {[%emt 0:02:22]} dxe4 {[%emt 0:02:07]} 33. Rg3+ {[%emt 0:00:04]} Kh8 {[%emt 0:00:06]} 34. Qh5 {[%emt 0:01:01]} Rg8 {[%emt 0:00:59]} 35. Rh3 {[%emt 0:00:26]} Rg7 {[%emt 0:01:01]} 36. Qh4 {[%emt 0:02:35]} Bf2 {[%emt 0:00:58]} 37. g3 {[%emt 0:06:18]} e3 {[%emt 0:00:35]} 38. Kg2 {[%emt 0:00:54]} Qc6# {[%emt 0:00:06]} 0-1

[Event "Tatra Limba Master 2022"]
[Site "Poronin"]
[Date "2022.01.09"]
[Round "6.11"]
[White "Golis, Wiktor"]
[Black "Radzimski, Antoni"]
[Result "0-1"]
[WhiteElo "1553"]
[BlackElo "1613"]
[Annotator "NA RC"]
[PlyCount "90"]
[EventDate "2022.01.07"]
[EventType "swiss"]
[EventCountry "POL"]
[SourceTitle "playchess.com"]
[Source "ChessBase"]
[SourceQuality "1"]
[TimeControl "5400+30"]

1. e4 {[%emt 0:00:02]} e5 {[%emt 0:00:06]} 2. Nf3 {[%emt 0:00:04]} Nc6 {[%emt 0:00:09]} 3. Bb5 {[%emt 0:00:06]} a6 {[%emt 0:00:06]} 4. Ba4 {[%emt 0:00:04]} Nf6 {[%emt 0:00:22]} 5. d3 {[%emt 0:00:12]} b5 {[%emt 0:00:31]} 6. Bb3 {[%emt 0:00:05]} Be7 {[%emt 0:00:54]} 7. Nc3 {[%emt 0:01:16]} d6 {[%emt 0:01:58]} 8. h3 {[%emt 0:00:08]} O-O {[%emt 0:03:56]} 9. O-O {[%emt 0:03:35]} Na5 {[%emt 0:02:22]} 10. Re1 {[%emt 0:03:26]} c5 {[%emt 0:04:28]} 11. Bg5 {[%emt 0:07:10]} Nxb3 {[%emt 0:01:36]} 12. axb3 {[%emt 0:01:47]} Be6 {[%emt 0:03:21]} 13. Bxf6 {[%emt 0:07:45]} Bxf6 {[%emt 0:00:15]} 14. Ne2 {[%emt 0:00:25]} g6 {[%emt 0:05:03]} 15. c3 {[%emt 0:02:27]} Bg7 {[%emt 0:00:47]} 16. d4 {[%emt 0:12:54]} Qc7 {[%emt 0:03:12]} 17. d5 {[%emt 0:12:10]} Bd7 {[%emt 0:01:30]} 18. Ng3 {[%emt 0:00:30]} Qd8 {[%emt 0:01:21]} 19. Qd2 {[%emt 0:16:47]} h6 {[%emt 0:03:12]} 20. Rad1 {[%emt 0:08:34]} f5 {[%emt 0:00:52]} 21. exf5 {[%emt 0:00:58]} gxf5 {[%emt 0:00:29]} 22. Kh1 {[%emt 0:05:40]} Kh7 {[%emt 0:02:31]} 23. Qc1 {[%emt 0:03:38]} e4 {[%emt 0:05:33]} 24. Nh2 {[%emt 0:01:06]} Be5 {[%emt 0:01:28]} 25. Ngf1 {[%emt 0:03:31]} Rg8 {[%emt 0:01:23]} 26. f4 {[%emt 0:01:29]} Bf6 {[%emt 0:00:21]} 27. Qe3 {[%emt 0:00:49]} h5 {[%emt 0:01:44]} 28. Qe2 {[%emt 0:01:12]} Qe8 {[%emt 0:01:36]} 29. Ne3 {[%emt 0:01:02]} Bh4 30. Rg1 {[%emt 0:00:39]} Bg3 {[%emt 0:01:35]} 31. Nhf1 {[%emt 0:05:22]} Bxf4 {[%emt 0:01:04]} 32. Qf2 {[%emt 0:01:00]} Bxe3 {[%emt 0:00:44]} 33. Nxe3 {[%emt 0:00:35]} Qe5 {[%emt 0:01:06]} 34. Rdf1 {[%emt 0:00:19]} Raf8 {[%emt 0:00:33]} 35. Qh4 {[%emt 0:00:41]} f4 {[%emt 0:00:30]} 36. Nc2 {[%emt 0:00:22]} Rg7 {[%emt 0:01:33]} 37. Rd1 {[%emt 0:00:35]} Rf5 {[%emt 0:01:22]} 38. g4 {[%emt 0:00:33]} e3 {[%emt 0:01:18]} 39. Kh2 {[%emt 0:00:29]} f3+ {[%emt 0:01:32]} 40. Kh1 {[%emt 0:00:30]} Rfg5 41. Rge1 {[%emt 0:00:32]} e2 {[%emt 0:01:01]} 42. Rd3 {[%emt 0:00:29]} Qe4 {[%emt 0:00:26]} 43. Re3 {[%emt 0:00:20]} Qxc2 {[%emt 0:00:23]} 44. Rxf3 {[%emt 0:00:04]} Qe4 {[%emt 0:00:31]} 45. Kg2 {[%emt 0:00:17]} Rxg4+ 0-1

[Event "Tatra Limba Master 2022"]
[Site "Poronin"]
[Date "2022.01.10"]
[Round "7.1"]
[White "Ustianovich, Nazar"]
[Black "Golubka, Petro"]
[Result "0-1"]
[WhiteElo "2344"]
[BlackElo "2408"]
[Annotator "TA"]
[PlyCount "120"]
[EventDate "2022.01.07"]
[EventType "swiss"]
[EventCountry "POL"]
[SourceTitle "playchess.com"]
[Source "ChessBase"]
[SourceQuality "1"]

{[%evp 11,120,0,52,11,58,31,55,53,48,44,51,43,100,105,127,52,62,75,68,64,41,23,23,21,22,8,3,2,4,0,11,6,10,-7,0,-7,0,0,0,0,0,0,0,0,0,-7,14,-8,0,-10,-10,-10,-10,-40,-11,-49,-24,-30,0,-39,-28,-32,-11,-33,0,0,0,-7,-7,-67,-53,-79,-79,-102,-79,-148,-122,-159,-159,-158,-160,-179,-77,-183,-184,-221,-150,-140,-140,-221,-8,-8,-8,-8,0,0,0,0,0,0,0,-8,0,0,0,0,0,0,0,0,17]} 1. c4 g6 2. Nc3 Bg7 3. g3 d6 4. Bg2 c5 5. Nf3 Nc6 6. O-O Qd7 {6...Bf5 is the modern continuation.} (6... e5 $11) 7. a3 {A37: Symmetrical English vs ...g6: 4 Bg2 Bg7 5 Nf3.} (7. e3 $14 {deserves consideration.}) 7... Bxc3 (7... b6 $11 {is superior.}) 8. dxc3 b6 9. b4 {White is slightly better.} Bb7 10. a4 {[#]} Nf6 $146 ({Predecessor:} 10... cxb4 11. cxb4 Nxb4 12. Bb2 Nf6 13. a5 O-O 14. axb6 axb6 15. Qb3 Na6 16. Bxf6 exf6 17. Qxb6 {½-½ (50) McNab,C (2490)-Klarenbeek,M (2375) Cappelle la Grande 1993}) 11. a5 {a6 is the strong threat.} bxa5 ({Black should play} 11... Rc8 $14) 12. bxc5 $16 ({Much worse is} 12. bxa5 $6 Nd8 $11) 12... dxc5 {[#]} 13. Rb1 (13. Bh6 $1 $16) 13... Qxd1 14. Rxd1 Rd8 15. Nd2 Ba8 16. Ba3 Nd7 17. Nb3 O-O $1 18. Bxc6 Bxc6 19. Nxa5 Ba4 20. Rd5 Rb8 21. Ra1 Rfc8 22. f3 f6 23. Kf2 Kf7 24. Bc1 Nb6 25. Rd2 Be8 26. Rda2 g5 27. Be3 h6 28. h4 Kg6 29. g4 Bf7 30. hxg5 hxg5 31. Rb2 Rc7 32. Rba2 Rbc8 ({Of course not} 32... Nxc4 33. Nxc4 Bxc4 34. Ra4 $11) 33. Ra3 Rd7 34. R3a2 Rdc7 (34... a6 {is interesting.} 35. Rh1 e5 36. Rb1 Nxc4 37. Ra4 Nxa5 38. Rxa5 Bc4) 35. Kf1 Be6 36. Kf2 Kg7 (36... Bg8 {keeps more tension.} 37. Rb2 e5 38. Kg3 Be6 39. Bg1 e4) 37. Kf1 Bxc4 38. Nxc4 Nxc4 39. Bf2 a5 40. Ra4 ({Better is} 40. Ke1 $11) 40... Nd2+ $15 41. Ke1 Nb3 42. R1a3 Rb8 43. c4 (43. Rc4 $142) 43... Rd7 44. Be3 Kg6 {Black is more active.} 45. Ra2 Rb4 46. R4a3 {[#]} Rdb7 (46... e5 $1 $19 {has better winning chances.} 47. Ra4 f5) 47. Rc2 (47. Bd2 $17 {was the only defense.} Rxc4 48. Bxa5) 47... a4 $19 48. Kf2 f5 49. gxf5+ Kxf5 50. Rca2 (50. Kg3 $17) 50... Rxc4 $2 (50... Ra7 $19 51. Ke1 Rxc4) 51. Rxa4 $11 {The position is equal.} Rxa4 52. Rxa4 $19 {[%mdl 4096] Endgame KRB-KRN} Rb4 53. Ra7 Kf6 54. Rc7 Rc4 55. Rc8 Rc2 56. Rf8+ Ke6 57. Rg8 Nd4 58. Bxd4 cxd4 {[%cal Bc5d4,Bd4d3,Bd3d2][%mdl 32]} 59. Rxg5 d3 60. Ke3 (60. Rg6+ Kf5 61. Rg8 Rxe2+ 62. Kg3 Rb2 63. Rf8+ Ke5 $19) 60... d2 {[%mdl 32768] Black had all chances to win.  Weighted Error Value: White=0.17 (very precise) /Black=0.21 (precise) . Loss on time!?} 0-1

[Event "Tatra Limba Master 2022"]
[Site "Poronin"]
[Date "2022.01.10"]
[Round "7.2"]
[White "Rejniak, Zuzanna"]
[Black "Kowalczyk, Pawel"]
[Result "0-1"]
[WhiteElo "1799"]
[BlackElo "2338"]
[Annotator "TA"]
[PlyCount "54"]
[EventDate "2022.01.07"]
[EventType "swiss"]
[EventCountry "POL"]
[SourceTitle "playchess.com"]
[Source "ChessBase"]
[SourceQuality "1"]

{[%evp 9,54,8,25,0,26,19,12,12,17,18,31,0,-17,-10,-8,-29,-6,-12,24,-19,0,-8,0,-38,0,-31,-20,-35,-26,-43,-56,-141,-151,-181,-178,-160,-174,-162,-137,-287,-297,-512,-506,-688,-681,-666,-659]} 1. e4 c5 2. Nf3 d6 3. Bb5+ Nd7 4. Ba4 a6 5. c4 Ngf6 {[%cal Ob7b5]} 6. Nc3 {Inhibits b5. B51: Sicilian: Moscow Variation (3 Bb5+) without 3...Bd7.} g6 7. O-O Bg7 8. d3 {The position is equal.} O-O 9. h3 Ne8 {[#]} 10. Bc2 $146 (10. d4 $14) ({Predecessor:} 10. d4 Nc7 11. Bxd7 cxd4 12. Bxc8 dxc3 13. Bxb7 Rb8 14. bxc3 Rxb7 15. Be3 Bxc3 16. Rc1 {½-½ (43) Nakamura,H (2754)-Vachier Lagrave,M (2779) Zagreb 2019}) 10... Nc7 $11 11. Be3 b5 12. Rb1 Nb6 (12... b4 $5 {[%cal Rb4c3]} 13. Nd5 e6 14. Nxc7 Qxc7 $11) 13. Qe2 Be6 {[%cal Rb5c4]} 14. Bb3 (14. Nd5 {is more appropriate.} Nbxd5 15. cxd5) 14... Qd7 15. Nd5 Bxd5 16. exd5 Rfe8 17. Rfd1 e5 18. dxe6 Nxe6 19. Qf1 d5 20. d4 ({White should play} 20. a3 $15) 20... bxc4 $17 {[%cal Bb5c4,Bc4b3,Bb3a2][%mdl 32]} 21. dxc5 cxb3 22. cxb6 bxa2 23. Ra1 Qa4 {aiming for ...Rad8.} ({But not} 23... Bxb2 24. Rxa2 Bf6 25. Rxa6 $11) 24. Rd2 {[#] This move loses the game for White.} (24. Rxd5 $17 Bxb2 25. Rd2 Bxa1 26. Qxa1) 24... d4 $1 $19 25. b3 $2 (25. Bg5) 25... Qb4 {Black is clearly winning.} 26. Raxa2 dxe3 27. fxe3 Qxb6 {Weighted Error Value: White=0.47/Black=0.10 (very precise)} 0-1

[Event "Tatra Limba Master 2022"]
[Site "Poronin"]
[Date "2022.01.10"]
[Round "7.3"]
[White "Zylka, Stanislaw"]
[Black "Pniaczek, Marek"]
[Result "1/2-1/2"]
[WhiteElo "2406"]
[BlackElo "2329"]
[Annotator "TA"]
[PlyCount "19"]
[EventDate "2022.01.07"]
[EventType "swiss"]
[EventCountry "POL"]
[SourceTitle "playchess.com"]
[Source "ChessBase"]
[SourceQuality "1"]

{[%evp 17,19,0,97,0]} 1. e4 Nf6 2. e5 Nd5 3. d4 d6 4. Nf3 dxe5 5. Nxe5 Nd7 6. Nxf7 Kxf7 7. Qh5+ Ke6 8. Qg4+ Kf7 9. Qh5+ Ke6 $1 {[#] Hoping for ...N7f6.} 10. Qg4+ $146 {B04: Alekhine's Defence: 4 Nf3.} (10. c4 $1 $16 N5f6 11. d5+ (11. Qf3 $2 Kf7 $19) 11... Kd6 12. c5+ (12. Bf4+ $2 e5 $19) 12... Nxc5 13. Bf4+ Kd7 14. Bb5+ c6 15. dxc6+ bxc6 16. Qxc5) ({Predecessor:} 10. Qh3+) 1/2-1/2

[Event "Tatra Limba Master 2022"]
[Site "Poronin"]
[Date "2022.01.10"]
[Round "7.4"]
[White "Starosciak, Szymon"]
[Black "Zielonka, Adam"]
[Result "0-1"]
[WhiteElo "1986"]
[BlackElo "1862"]
[Annotator "TA"]
[PlyCount "132"]
[EventDate "2022.01.07"]
[EventType "swiss"]
[EventCountry "POL"]
[SourceTitle "playchess.com"]
[Source "ChessBase"]
[SourceQuality "1"]

{[%evp 14,132,-35,-38,-16,-10,-11,-10,-6,-2,-12,-15,0,-12,0,0,0,-11,26,0,1,0,0,7,16,36,64,23,15,0,0,0,-14,-3,0,0,0,0,61,66,86,86,84,11,12,46,54,43,84,81,81,0,56,82,120,104,89,0,0,0,0,0,0,0,0,0,0,0,0,0,0,0,0,0,0,0,0,0,0,0,0,0,0,0,0,0,0,0,0,0,0,0,0,0,0,-42,-42,-42,-42,-42,0,0,0,-6,-6,-29977,-29978,-29978,-29979,-29979,-29980,-29982,-29983,-29984,-29982,-29981,-29982,-29982,-29983,-29983,-29984]} 1. Nf3 c5 2. g3 Nc6 3. Bg2 e5 4. d3 g6 5. Nc3 {[%cal Bb1c3,Bc3e4,Be4f6,Bf6d5][%mdl 32]} Bg7 6. O-O Nge7 7. Ne4 d6 8. Bg5 f5 {A04: Unusual lines after 1 Nf3 and King's Indian Attack.} 9. Nf6+ Kf7 10. Nd5 h6 {The position is equal.} 11. Bxe7 Nxe7 12. Nd2 Be6 13. c4 {[#]} Nxd5 $146 ({Predecessor:} 13... Rb8 14. Rb1 b5 15. e4 Rf8 16. Nxe7 Qxe7 17. exf5 Bxf5 18. Bd5+ Be6 19. Be4 Qd7 {½-½ (25) Dezakowski,P (1874)-Szczesniak,A (2071) Poland 2010}) 14. Bxd5 Bxd5 15. cxd5 Rf8 16. a3 Kg8 17. e4 Qb6 18. Qe2 fxe4 19. Nxe4 Rad8 20. Rfc1 (20. b4 $14 {is superior.}) 20... Qb3 $11 21. Rc4 b5 22. Nd2 Qxb2 23. Rb1 Qxb1+ 24. Nxb1 bxc4 25. dxc4 e4 (25... Rb8 $11 26. Nc3 Rf5) 26. Nd2 $1 $14 e3 27. Qxe3 Kh7 {[%cal Of8f2]} 28. Nf3 ({Much weaker is} 28. Qe7 $6 Rde8 29. Qh4 (29. Qxa7 $2 Re2 $19) 29... Bd4 $11) (28. Kg2 $16) 28... Rde8 $11 {To avoid Qe7} 29. Qd3 Bf6 30. h4 {[#] aiming for h5.} h5 (30... Kg7 $14) 31. Kg2 $16 Rf7 32. Nd2 ({White should play} 32. a4 $16) 32... Rfe7 ({Black should try} 32... Bd4 $11 33. Nf3 Bf6) 33. g4 $1 $14 {[%cal Bg3g4,Bg4h5][%mdl 32]} Bxh4 34. gxh5 Rg7 35. Kh3 (35. Ne4 $16 Rf8 36. Nxd6) 35... Bxf2 $11 {Threatens to win with ...Re3+.} 36. Ne4 {Nf6+ is the strong threat.} Bd4 {Inhibits Nf6+.} 37. Ng5+ Kg8 38. Ne6 {Black must now prevent h6.} gxh5 39. Nxg7 Re3+ 40. Qxe3 $1 Bxe3 41. Nxh5 {[%mdl 4096] Endgame KB-KN} Kf7 42. Kg4 Bc1 43. a4 Kg6 44. Ng3 Kf6 45. Ne2 Bd2 46. Ng1 Be3 47. Nf3 Bc1 48. Ne1 $1 Bd2 49. Nd3 Bh6 50. Kh5 Be3 {Strongly threatening ...Kf5.} 51. Kg4 Bd2 52. Kf3 Kf5 53. Ke2 Bg5 {Hoping for ...Ke4.} 54. Kd1 (54. Kf3 $11) 54... Ke4 $15 55. Kc2 Kd4 56. Nb2 a5 (56... Bf6 $15) 57. Kb3 $11 Bf6 {( -> ...Ke3)} 58. Kc2 Bg7 59. Kb3 $2 {[%mdl 8192] [#] Now White is beyond hope.} (59. Kd2 $11) 59... Ke3 {Black mates.} 60. Nd1+ Ke2 61. Kc2 Bd4 62. Kc1 Kd3 63. Kb1 Kxc4 64. Kc2 Kxd5 65. Kd3 c4+ 66. Kc2 Kc5 {Weighted Error Value: White=0.23 (precise) /Black=0.10 (very precise)} 0-1

[Event "Tatra Limba Master 2022"]
[Site "Poronin"]
[Date "2022.01.10"]
[Round "7.5"]
[White "Bartoszczuk, Adam"]
[Black "Liskiewicz, Jakub"]
[Result "1/2-1/2"]
[WhiteElo "1380"]
[BlackElo "1598"]
[Annotator "NA RC"]
[PlyCount "26"]
[EventDate "2022.01.07"]
[EventType "swiss"]
[EventCountry "POL"]
[SourceTitle "playchess.com"]
[Source "ChessBase"]
[SourceQuality "1"]
[TimeControl "5400+30"]

1. e4 {[%emt 0:16:58]} g6 {[%emt 0:00:08]} 2. d4 {[%emt 0:00:38]} Bg7 {[%emt 0:00:10]} 3. Nc3 {[%emt 0:00:45]} d6 {[%emt 0:00:09]} 4. f4 {[%emt 0:00:59]} Nf6 {[%emt 0:00:23]} 5. Nf3 {[%emt 0:00:55]} O-O {[%emt 0:00:16]} 6. Bd3 {[%emt 0:01:38]} Na6 {[%emt 0:00:17]} 7. a3 {[%emt 0:01:34]} c5 {[%emt 0:00:22]} 8. d5 {[%emt 0:02:28]} Nc7 {[%emt 0:03:37]} 9. O-O {[%emt 0:01:22]} a6 {[%emt 0:02:08]} 10. a4 {[%emt 0:04:17]} b6 {[%emt 0:04:15]} 11. Bc4 {[%emt 0:05:27]} Rb8 {[%emt 0:06:20]} 12. e5 {[%emt 0:07:08]} Nfe8 {[%emt 0:03:57]} 13. Qe2 {[%emt 0:01:24]} Qd7 {[%emt 0:08:09]} 1/2-1/2

[Event "Tatra Limba Master 2022"]
[Site "Poronin"]
[Date "2022.01.10"]
[Round "7.6"]
[White "Reichel, Lukasz"]
[Black "Mirski, Michal"]
[Result "1/2-1/2"]
[WhiteElo "1748"]
[BlackElo "2039"]
[Annotator "TA"]
[PlyCount "162"]
[EventDate "2022.01.07"]
[EventType "swiss"]
[EventCountry "POL"]
[SourceTitle "playchess.com"]
[Source "ChessBase"]
[SourceQuality "1"]

{[%evp 19,161,0,49,14,18,16,59,20,36,-42,0,0,0,0,-13,0,-14,-83,-79,-77,-76,-137,86,80,83,-193,-159,-186,95,91,91,80,98,22,25,0,5,0,71,79,88,72,143,147,133,103,129,75,81,8,8,8,7,8,8,0,0,0,0,0,0,0,0,0,0,-194,-177,-239,0,0,0,0,0,0,0,0,0,-8,-8,-8,-8,-8,-8,-8,-8,-88,-8,-8,-8,-47,0,0,0,-8,0,-6,-6,-8,-8,-8,0,0,0,0,0,0,0,0,0,0,0,0,0,0,0,0,0,0,0,0,0,0,0,0,0,0,0,0,0,0,0,0,0,0,0,0,0,0,0,0,0,0,0,0]} 1. e4 c5 2. Nf3 g6 3. d4 cxd4 4. Nxd4 Nc6 5. c4 Nf6 6. Nc3 d6 7. Nc2 Bg7 8. Be2 O-O 9. O-O Nd7 $1 {9...Nd7 is better than 9...Be6.} 10. Bd2 a5 (10... Nc5 $11 {should be considered.}) 11. Na3 {B37: Sicilian: Maroczy Bind with 5...Bg7, sidelines.} Nc5 12. Nab5 Be6 (12... Nd4 $11) 13. Rb1 {White is slightly better.} f5 14. Nd5 (14. exf5 $14 Bxf5 15. Ra1) 14... Rc8 (14... Nxe4 15. Ndc7 Bd7 16. Nxa8 Qxa8 17. Be1 $16) (14... Rb8 $1 $15) 15. Nf4 Bd7 ({Resist} 15... fxe4 16. Nxe6 Nxe6 17. Bg4 $16) 16. exf5 $1 Bxf5 17. Bg4 Bxb1 {[#]} 18. Bxc8 $146 (18. Qxb1 $11 {keeps the balance.} Rb8 19. Be3) ({Predecessor:} 18. Qxb1 Rb8 19. Be3 Ne5 20. Bh3 Rxf4 21. Bxf4 Nxc4 22. b3 Ne5 23. Nd4 Qf8 24. Ne6 Nxe6 25. Bxe6+ {½-½ (39) Zimina,O (2327)-Arakhamia Grant,K (2394) Tromsoe 2014}) 18... Qxc8 $17 19. Qxb1 Bh6 $1 20. g3 (20. Nxg6 $142 Bxd2 21. Nxf8 Qxf8 22. Qd1) 20... e5 $2 {[#]} (20... Ne5 $17 {stays on course.} 21. Nxg6 hxg6 22. Bxh6 Qh3) 21. Nxg6 $1 $16 {White is more active.} Bxd2 22. Nxd6 $2 {[%mdl 8192]} Qd7 $19 23. Nxf8 Kxf8 ({Black should try} 23... Qxd6 $19 24. Rd1 e4) 24. Ne4 $16 Nxe4 25. Qxe4 Bg5 26. f4 ({Better is} 26. b3 $16) 26... exf4 $11 27. gxf4 Bf6 28. b3 Qd4+ (28... Nb4 $11) 29. Qxd4 $16 Bxd4+ 30. Kg2 Nb4 (30... Bc5 $142) 31. Rd1 Bc5 32. Rd7 b6 33. Rxh7 (33. a4 $142) 33... Nxa2 34. Ra7 (34. Rh3 $1 $16) 34... Nc1 $11 35. h4 Nxb3 36. h5 Nd4 37. Kg3 Nc6 38. Rc7 Ne7 39. Ra7 Kg7 40. Kg4 Kf6 41. Ra8 Nf5 42. Rh8 $2 {[#]} (42. Ra7 $11 {and White is okay.}) 42... a4 $1 $19 43. h6 (43. Kf3 $142) 43... Ne7 $2 (43... a3 $19 {...Kg6 is the strong threat.} 44. h7 Kg6) 44. Ra8 $11 {And now h7 would win.} Kg6 {Strongly threatening ...a3.} 45. Rxa4 Kxh6 46. Ra8 Kg6 47. Re8 Kf7 48. Rb8 Nc6 49. Rb7+ Kf6 50. Rh7 {Threatens to win with Rh6+.} Na5 51. f5 Nxc4 52. Rh6+ {[#]} (52. Kf4 $11) 52... Kg7 (52... Ke5 $1 $17 53. Re6+ Kd5) 53. Rg6+ Kf7 54. Re6 {Prevents Ne5+.} Ne3+ (54... b5 $15 {feels stronger.} 55. Re4 Bb4) 55. Kf4 {The position is equal.} Nd5+ 56. Ke4 Ne7 57. Rh6 Ng8 58. Rg6 Bf2 59. Kf3 {[#]} Ne7 $1 {[%cal Oe7f5]} 60. Kxf2 Nxg6 61. fxg6+ Kxg6 {[%mdl 4096] Endgame KP-K} 62. Ke3 {[%cal Bf2e3,Be3d4,Bd4c4,Bc4b5,Bb5b4][%mdl 32]} Kf5 {[%cal Bg6f5,Bf5e6,Be6d6,Bd6c7,Bc7c6,Bc6b6,Bb6c5,Bc5b5,Bb5a4,Ba4b4,Bb4c3][%mdl 32]} 63. Kd4 Ke6 64. Kc4 Kd6 65. Kb5 Kc7 66. Kb4 Kc6 67. Kc4 b5+ 68. Kb4 Kb6 69. Kb3 Kc5 70. Kc3 b4+ 71. Kb3 Kb5 72. Kb2 Ka4 73. Ka2 b3+ 74. Kb2 Kb4 75. Kb1 Kc3 (75... Ka3 $5 76. Ka1 Kb4 $11) 76. Kc1 Kb4 77. Kb1 Kc4 78. Kb2 Kb4 79. Kb1 Kc3 {( -> ...b2)} (79... Ka3 $5 80. Ka1 Kb4 $11) 80. Kc1 b2+ 81. Kb1 Kb3 {A wild game.  Weighted Error Value: White=0.34/Black=0.34} 1/2-1/2

[Event "Tatra Limba Master 2022"]
[Site "Poronin"]
[Date "2022.01.10"]
[Round "7.7"]
[White "Walkusz, Witoslaw"]
[Black "Kotowicz, Kamil"]
[Result "1-0"]
[WhiteElo "2024"]
[BlackElo "1732"]
[Annotator "TA"]
[PlyCount "71"]
[EventDate "2022.01.07"]
[EventType "swiss"]
[EventCountry "POL"]
[SourceTitle "playchess.com"]
[Source "ChessBase"]
[SourceQuality "1"]

{[%evp 17,71,20,20,4,15,6,0,11,0,0,0,0,69,69,128,133,178,188,226,206,297,318,378,378,425,391,501,502,474,462,517,419,391,322,313,323,318,311,477,451,557,560,543,534,29967,29972,29976,29973,29978,29974,29979,29980,29981,29982,29982,29983]} 1. e4 e6 2. d4 d5 3. Nc3 Nf6 4. e5 Nfd7 5. f4 c5 6. Nf3 Nc6 7. Be3 cxd4 8. Nxd4 Bc5 9. Qd2 a6 10. Qf2 {C11: French: Classical System: 4 e5 and 4 Bg5 dxe4.} Qb6 11. O-O-O {[%cal Ba1d1,Bd1d4,Bd4d5,Bd5d6,Bd6e6][%mdl 32]} Bxd4 12. Bxd4 {The position is equal.} Nxd4 13. Qxd4 Qxd4 14. Rxd4 {[#]} f6 $146 (14... Ke7 $11) ({Predecessor:} 14... O-O 15. Be2 f6 16. exf6 Nxf6 17. g4 Ne4 18. Nxe4 Rxf4 19. Rf1 Rxe4 20. Rxe4 dxe4 {1-0 (28) Patrick,D (1876)-Kitchen,P (1682) England 2015}) 15. exf6 $14 {White is more active.} gxf6 ({Black should try} 15... Nxf6 $14 16. Bd3 O-O) 16. f5 $1 $16 e5 (16... Ne5 $16 {was worth a try.}) 17. Rxd5 $18 {Strongly threatening Rd6.} b5 18. Be2 {Hoping for Rhd1.} Ke7 (18... Bb7 $142) 19. Rhd1 Rd8 20. Bf3 Rb8 21. Rd6 Bb7 22. Bxb7 Rxb7 23. Ne4 Ra8 24. Re6+ Kf8 25. Nxf6 Nxf6 26. Rxf6+ {[%mdl 4096] Endgame KRR-KRR} Rf7 27. Rdd6 Re8 (27... h5 $142 28. Kd2 b4) 28. Rxa6 Rxf6 29. Rxf6+ {KR-KR} Kg7 30. Re6 Rxe6 31. fxe6 {KP-KP. White mates.} Kf6 32. Kd2 Kxe6 33. Ke3 Kd5 34. g4 e4 35. h4 Ke5 36. c3 {Black did not feel at home in the position after the opening.  Weighted Error Value: White=0.12 (very precise) /Black=0.58} 1-0